000 00571cab a2200217 4500
001 ABS41606
008 090401t1989 xxu||||| |||| 00| 0 eng d
035 _a(Sirsi) u31147
041 _aeng
100 _aFulton, B.
245 2 _aA Faustian bargain
260 _c1989
350 _a0
490 _aWorld Property
_vOctober 1989, 39-45(5)
520 _aExamines the property market s on the West Coast of the USA in Los Angeles and San Francisco .
650 _aCALIFORNIA
690 _aOVERSEAS
700 _aNewman, M.
942 _n0
948 _c04/03/1997
999 _c20922
_d20922